000 00324nam a2200133 i 4500
001 bg
100 1 _aWEDEKIND, Hartmut
245 0 _aStrukturalne programowanie baz danych /
_cHartmut Wedekind.
260 _aWarszawa,
_c1980.
040 _cBPK
041 _apol
942 _cKS
008 s pl f |000 0 pol
999 _c19333
_d19333
856 _uhttp://koha.tu.koszalin.pl/cgi-bin/koha/opac-detail.pl?biblionumber=19333
_yKatalog online BPK